| 000 | 00682cab a2200241 4500 | ||
|---|---|---|---|
| 001 | ABS49263 | ||
| 008 | 090401t1993 xxu||||| |||| 00| 0 eng d | ||
| 035 | _a(Sirsi) u70592 | ||
| 041 | _aeng | ||
| 245 | _aRecovery in place but feelgood factor lacking | ||
| 260 | _c1993 | ||
| 350 | _a0 | ||
| 490 |
_aArchitects` Journal _v198(11) 22 September 1993, 37-40(4) |
||
| 520 | _aRIBA`s workload survey for 2Q 1993. | ||
| 650 | _aARCHITECTS | ||
| 650 | _aNEW COMMISSIONS | ||
| 650 | _aBUILT ENVIRONMENT-BUILDING MAINTENANCE AND REFURBISHMENT | ||
| 650 | _aSTAFFING LEVELS | ||
| 650 | _aWORKLOAD SURVEYS | ||
| 690 | _aBUILT ENVIRONMENT | ||
| 942 | _n0 | ||
| 948 | _c04/03/1997 | ||
| 999 |
_c44415 _d44415 |
||